| 000 | 00640nam a2200181 i 4500 | ||
|---|---|---|---|
| 001 | 20661 | ||
| 003 | ES-MaACL | ||
| 005 | 20250901032924.0 | ||
| 007 | t| | ||
| 008 | 021115s1832 xxk ||||1| eng d | ||
| 100 | 1 |
_aAinsworth, William Harrison. _918986 |
|
| 245 | 1 | 0 |
_aObservations on the Pestilential Cholera (Asphyxia Pestilenta) as it appeared at Sunderland...1831, and on the measures taken for its prevention and cure... / _cby William Ainsworth. |
| 260 |
_aLondon : _bEbers and Co., _c1832 ( _fJ. Moyes) |
||
| 300 |
_a172 p. ; _c23 cm. |
||
| 650 | 7 |
_aCólera _2embne _911143 |
|
| 852 |
_aES-MaACL _jG-9779 |
||
| 999 |
_c20661 _d20661 |
||